Autobiographical reflections of scholarly pioneers. Part III /

Bibliographic Details
Other Authors: Tadajewski, Mark, (Editor), Jones, Brian, (Editor)
Format: eBook
Language:English
Published: Bingley, England : Emerald Publishing, 2017.
Series:Journal of Historical Research in Marketing
Subjects:
Online Access:Click to View
LEADER 01647nam a2200385 i 4500
001 EBC5877941
003 MiAaPQ
005 20200520144314.0
006 m o d |
007 cr cnu||||||||
008 190912s2017 enk o 000 0 eng d
020 |z 9781838679354 
020 |a 9781838679361 (e-book) 
035 |a (MiAaPQ)EBC5877941 
035 |a (Au-PeEL)EBL5877941 
035 |a (OCoLC)1113918725 
040 |a MiAaPQ  |b eng  |e rda  |e pn  |c MiAaPQ  |d MiAaPQ 
050 4 |a PQ2419  |b .A986 2017 
082 0 |a 823.912  |2 23 
245 0 0 |a Autobiographical reflections of scholarly pioneers.  |n Part III /  |c Mark Tadajewski, Brian Jones, guest editors. 
264 1 |a Bingley, England :  |b Emerald Publishing,  |c 2017. 
300 |a 1 online resource (141 pages). 
336 |a text  |b txt  |2 rdacontent 
337 |a computer  |b c  |2 rdamedia 
338 |a online resource  |b cr  |2 rdacarrier 
490 0 |a Journal of Historical Research in Marketing 
588 |a Description based on print version record. 
590 |a Electronic reproduction. Ann Arbor, MI : ProQuest, 2018. Available via World Wide Web. Access may be limited to ProQuest affiliated libraries. 
650 0 |a Reflections in literature. 
655 4 |a Electronic books. 
700 1 |a Tadajewski, Mark,  |e editor. 
700 1 |a Jones, Brian,  |e editor. 
776 0 8 |i Print version:  |t Autobiographical reflections of scholarly pioneers. Part III.  |d Bingley, England : Emerald Publishing, 2017   |h 141 pages   |k Journal of Historical Research in Marketing   |z 9781838679354 
797 2 |a ProQuest (Firm) 
856 4 0 |u https://ebookcentral.proquest.com/lib/matrademy/detail.action?docID=5877941  |z Click to View